000 00561nam a2200205Ia 4500
005 20250923145339.0
008 008 250917s9999 xx 000 0 eng d
037 _aTextual
040 _aDSWL
_beng
_cDSWL
041 _aeng
_2eng
084 _aYX
_qDSWL
100 _aRobson, William A.
_9834323
245 0 _aWlefare State and Welfae Society
_c by William A. Robson
260 _aLondon
_bGeorge Allen & Unwin
_c1976
300 _a184p.
365 _aINR
_b44 . 87
925 _g44 . 87
942 _cTEXL
_hYX
999 _c1450273
_d1450273